000
00302nam a2200109Ia 4500
008
190913s9999||||xx |||||||||||||| ||und||
100
_a
Andy Ripley
245
0
_a
Forfaiting for Exportes Practical Solutions for global Trade Finance
260
_a
London
_b
McGraw Hill
_c
1996
300
_a
759
942
_c
BK
999
_c
8170
_d
8170